[Event "World Rapid Team 2023"]
[Site "Dusseldorf GER"]
[Date "2023.08.28"]
[Round "10.17"]
[Board "3"]
[White "Caruso, Augusto"]
[Black "Gaab, Wolfgang"]
[Result "1-0"]
[WhiteElo "2103"]
[BlackElo "2060"]
[WhiteTeam "Mitropa Chess Association"]
[BlackTeam "Neustadt Weinstrasse"]
[WhiteFideId "801763"]
[BlackFideId "24679054"]
[EventDate "2023.08.26"]

1. e4 e6 2. d4 d5 3. Nc3 Nf6 4. Bg5 Be7 5. e5 Ng8 6. Be3 b6 7. h4 Qd7 8. Qg4 Bf8
9. Nf3 Ne7 10. a4 h5 11. Qg5 a5 12. Nb5 Nf5 13. Bd3 Be7 14. Qf4 g6 15. g4 hxg4
16. Qxg4 c6 17. Nc3 Nxe3 18. fxe3 Ba6 19. Ke2 Bxd3+ 20. cxd3 Na6 21. Ng5 Rh5 22.
Raf1 Bxg5 23. hxg5 Rxh1 24. Rxh1 O-O-O 25. Rh7 Rf8 26. Qf4 Qe7 27. Nd1 Nb8 28.
Nf2 Nd7 29. Ng4 Kb7 30. Kf3 b5 31. b3 Nb6 32. Nh6 Ka6 33. Kg4 bxa4 34. bxa4 Nxa4
35. Qf1 Nb2 36. Qc1 Qb7 37. Qc5 Rc8 38. Nxf7 Nxd3 39. Qc2 Nb4 40. Qxg6 Qb5 41.
Kh5 Qe2+ 42. Kh6 a4 43. Qxe6 Rg8 44. g6 Qxe3+ 45. Ng5 Rb8 46. g7 Qf2 47. g8=Q
Rxg8 48. Qxg8 a3 49. Qa8+ Kb5 50. Qxa3 Qxd4 51. Rb7+ Kc5 52. Ne6+ 1-0

[Event "World Rapid Team 2023"]
[Site "Dusseldorf GER"]
[Date "2023.08.28"]
[Round "10.17"]
[Board "4"]
[White "Schwarz, Dietmar"]
[Black "Bordin, Silvia"]
[Result "0-1"]
[WhiteElo "1833"]
[BlackElo "1933"]
[WhiteTeam "Neustadt Weinstrasse"]
[BlackTeam "Mitropa Chess Association"]
[WhiteFideId "1271897"]
[BlackFideId "2837612"]
[EventDate "2023.08.26"]

1. e4 e5 2. Nf3 Nc6 3. Bb5 a6 4. Ba4 Nf6 5. d3 b5 6. Bb3 Be7 7. Nc3 d6 8. h3 h6
9. Be3 Na5 10. Qd2 c5 11. Bd5 Nxd5 12. Nxd5 Nc6 13. c3 O-O 14. O-O f5 15. exf5
Bxf5 16. Rad1 Bxh3 17. Nxe7+ Qxe7 18. Nh2 Be6 19. a3 Rf5 20. f4 exf4 21. Rxf4
Raf8 22. Rdf1 Ne5 23. Rxf5 Bxf5 24. d4 Nc4 0-1

[Event "World Rapid Team 2023"]
[Site "Dusseldorf GER"]
[Date "2023.08.28"]
[Round "10.17"]
[Board "5"]
[White "Dordevic, Tom"]
[Black "Mader, Lena"]
[Result "1-0"]
[WhiteElo "1998"]
[BlackElo "1841"]
[WhiteTeam "Mitropa Chess Association"]
[BlackTeam "Neustadt Weinstrasse"]
[WhiteFideId "16260503"]
[BlackFideId "24653560"]
[EventDate "2023.08.26"]

1. d4 Nf6 2. c4 g6 3. Nc3 Bg7 4. e4 d6 5. Nf3 O-O 6. Be2 e5 7. O-O Nc6 8. d5 Ne7
9. b4 a5 10. bxa5 Rxa5 11. a4 Nd7 12. Ba3 f5 13. Bb4 Ra8 14. Re1 Nf6 15. Bd3
fxe4 16. Nxe4 Nxe4 17. Bxe4 Nf5 18. a5 Qf6 19. Ra2 b6 20. Qe2 bxa5 21. Rxa5 Rxa5
22. Bxa5 Qe7 23. Qc2 Bh6 24. g3 Ng7 25. Kg2 Bg4 26. h3 Bxf3+ 27. Bxf3 Nf5 28.
Bc3 Bg7 29. Bg4 Qf7 30. Qe4 h6 31. Re2 Kh7 32. h4 h5 33. Bh3 Bh6 34. Ra2 Bg7 35.
Rb2 Ra8 36. Rb7 Ra2 37. Bb2 Bh6 38. Qb1 Ra8 39. Bc3 Rf8 40. Qc2 Bg7 41. Kg1 Nh6
42. Ba5 Ng4 43. Bxg4 hxg4 44. Rxc7 Qf3 45. h5 Rf6 46. Rc6 e4 47. Bc3 Rf7 48.
hxg6+ Kxg6 49. Rxd6+ Bf6 50. Rxf6+ Rxf6 51. Bxf6 Kxf6 52. Qd2 Qb3 53. Qf4+ Ke7
54. Qxe4+ Kd6 55. Qxg4 Qb1+ 56. Kg2 Qd3 57. Qe6+ Kc5 58. Qe3+ Qxe3 59. fxe3 1-0

[Event "World Rapid Team 2023"]
[Site "Dusseldorf GER"]
[Date "2023.08.28"]
[Round "10.18"]
[Board "1"]
[White "Dyachuk, Artem"]
[Black "Li, Yunqi"]
[Result "1-0"]
[WhiteTitle "FM"]
[WhiteElo "2242"]
[BlackElo "1659"]
[WhiteTeam "Chess Wizzards"]
[BlackTeam "Deutsche Schachjugend 2"]
[WhiteFideId "34107924"]
[BlackFideId "34610618"]
[EventDate "2023.08.26"]

1. e4 e6 2. d4 d5 3. e5 c5 4. c3 Nc6 5. Nf3 Bd7 6. Be2 f6 7. O-O fxe5 8. dxe5
Qc7 9. Bf4 O-O-O 10. Re1 h6 11. Bf1 g5 12. Bg3 Nge7 13. h3 Bg7 14. Na3 Rdf8 15.
Nb5 Qd8 16. Qb3 Kb8 17. a4 Nf5 18. Bh2 h5 19. Qa3 g4 20. Nd2 Rfg8 21. c4 d4 22.
Ne4 Bf8 23. Nf6 Rg7 24. Bd3 Nh6 25. h4 Nf7 26. Ne4 Nb4 27. Nbd6 1-0

[Event "World Rapid Team 2023"]
[Site "Dusseldorf GER"]
[Date "2023.08.28"]
[Round "10.18"]
[Board "2"]
[White "Lorenz, Veronika"]
[Black "Nechitaylo, Nikita"]
[Result "0-1"]
[WhiteElo "1668"]
[BlackElo "2116"]
[WhiteTeam "Deutsche Schachjugend 2"]
[BlackTeam "Chess Wizzards"]
[WhiteFideId "16277406"]
[BlackFideId "34138161"]
[EventDate "2023.08.26"]

1. e4 c5 2. Nf3 Nc6 3. Bb5 g6 4. Bxc6 dxc6 5. d3 Bg7 6. Nbd2 e5 7. Nc4 Qe7 8.
Bg5 f6 9. Be3 Be6 10. O-O Bxc4 11. dxc4 Nh6 12. h3 O-O 13. Qd2 Nf7 14. Rad1 Rad8
15. Qa5 b6 16. Qa4 Qc7 17. c3 Rd6 18. Rd2 Rxd2 19. Nxd2 Rd8 20. Rd1 Qd7 21. f3
Bh6 22. Bxh6 Nxh6 23. Qc2 Nf7 24. Kf1 Ng5 25. h4 Ne6 26. g3 g5 27. hxg5 Nxg5 28.
Kf2 h5 29. Ke3 Ne6 30. Rh1 Qg7 31. Nf1 Qg5+ 32. Kf2 a5 33. Ne3 Kf7 34. Rd1 h4
35. Nf5 hxg3+ 36. Nxg3 Qh6 37. Nf1 Qh4+ 38. Ke2 Nf4+ 39. Ke3 Rd3+ 40. Qxd3 Nxd3
41. Kxd3 Qf2 42. Nd2 b5 43. b3 a4 44. Rh1 a3 45. Rh7+ Ke6 46. Rb7 b4 47. cxb4
Qd4+ 48. Ke2 cxb4 49. Rxb4 Qb2 50. Rb6 Kd6 51. b4 Qxa2 52. c5+ Kc7 53. Ra6 Qb2
54. b5 Qxb5+ 0-1

[Event "World Rapid Team 2023"]
[Site "Dusseldorf GER"]
[Date "2023.08.28"]
[Round "10.18"]
[Board "3"]
[White "Korchynskyi, Mykola"]
[Black "Mueller, Konstantin"]
[Result "1-0"]
[WhiteElo "2016"]
[BlackElo "1696"]
[WhiteTeam "Chess Wizzards"]
[BlackTeam "Deutsche Schachjugend 2"]
[WhiteFideId "34138005"]
[BlackFideId "34661778"]
[EventDate "2023.08.26"]

1. d4 Nf6 2. c4 g6 3. Nc3 d5 4. Bf4 Bg7 5. e3 O-O 6. Nf3 c6 7. Be2 Nbd7 8. cxd5
cxd5 9. O-O Nb6 10. Rc1 Bd7 11. Ne5 Rc8 12. Nxd7 Qxd7 13. Qb3 Nc4 14. Bxc4 dxc4
15. Qa3 b5 16. Qa5 a6 17. Qxa6 Ra8 18. Qxb5 Qxb5 19. Nxb5 Rxa2 20. Rc2 Nd5 21.
Bg3 Nb4 22. Rxc4 Rxb2 23. Nc3 Na6 24. Ne4 Rb4 25. Rc2 Nb8 26. Nd2 Nd7 27. Rc7
Rd8 28. Nc4 Kf8 29. Na5 Nb8 30. Nb7 Re8 31. Nc5 Rb6 32. Ra1 Kg8 33. h4 e5 34.
dxe5 Bxe5 35. Bxe5 Rxe5 36. Ra8 Re8 37. Kh2 Rf8 38. Ra3 Rc6 39. Rxc6 Nxc6 40. g4
Ne5 41. Kg3 Rc8 42. Ne4 Kg7 43. g5 Re8 44. Nf6 Re7 45. Ra8 Nd7 46. Rg8# 1-0

[Event "World Rapid Team 2023"]
[Site "Dusseldorf GER"]
[Date "2023.08.28"]
[Round "10.18"]
[Board "4"]
[White "Czaeczine, Paula"]
[Black "Kliashtornyi, Arkadii"]
[Result "0-1"]
[WhiteElo "1588"]
[BlackElo "1975"]
[WhiteTeam "Deutsche Schachjugend 2"]
[BlackTeam "Chess Wizzards"]
[WhiteFideId "16249305"]
[BlackFideId "34119698"]
[EventDate "2023.08.26"]

1. e4 c6 2. d4 d5 3. exd5 cxd5 4. c4 Nc6 5. Nf3 Nf6 6. Nc3 Bg4 7. cxd5 Nxd5 8.
Be2 e6 9. O-O Nxc3 10. bxc3 Bd6 11. h3 Bh5 12. Rb1 Qc7 13. Qb3 Rb8 14. Ba3 O-O
15. Bxd6 Qxd6 16. Rfd1 Rfd8 17. Qb2 Qf4 18. Qd2 Qc7 19. Qb2 Rd7 20. Ng5 Bg6 21.
Rbc1 Rbd8 22. Bd3 Qf4 23. Bxg6 hxg6 24. Qd2 Qxd2 25. Rxd2 e5 26. Nf3 exd4 27.
cxd4 Nxd4 28. Nxd4 Rxd4 29. Rxd4 Rxd4 30. Rc8+ Kh7 31. Rc7 Rb4 32. Rxf7 a5 33.
Kf1 a4 34. Ke2 Rb2+ 35. Ke3 a3 36. g3 b5 37. Rb7 b4 38. f4 Rb1 39. Kd2 b3 40.
axb3 a2 41. Ra7 a1=Q 42. Rxa1 Rxa1 43. Kc3 Rg1 44. Kc4 Rxg3 45. b4 Rxh3 46. Kc5
Rf3 0-1

[Event "World Rapid Team 2023"]
[Site "Dusseldorf GER"]
[Date "2023.08.28"]
[Round "10.18"]
[Board "5"]
[White "Tarasenko, Nazar"]
[Black "Bohatyrova, Mariia"]
[Result "1-0"]
[WhiteElo "1888"]
[BlackElo "1398"]
[WhiteTeam "Chess Wizzards"]
[BlackTeam "Deutsche Schachjugend 2"]
[WhiteFideId "34161430"]
[BlackFideId "34165789"]
[EventDate "2023.08.26"]

1. h4 e5 2. e4 Nf6 3. Nc3 Nc6 4. Nf3 Bb4 5. Bc4 d6 6. a3 Ba5 7. b4 Bb6 8. Na4
Bg4 9. Nxb6 axb6 10. d3 Nd4 11. c3 Nxf3+ 12. gxf3 Bd7 13. Rg1 Rg8 14. Qb3 Qe7
15. b5 Be6 16. Bg5 h6 17. Be3 Qd7 18. a4 d5 19. exd5 Nxd5 20. Bxh6 f6 21. Be3
Nxe3 22. fxe3 Bxc4 23. Qxc4 Ke7 24. d4 exd4 25. exd4 Rae8 26. Kd2 Kd8 27. a5
bxa5 28. Rxa5 Ke7 29. Re1+ Kf8 30. Rxe8+ Qxe8 31. Qxc7 g6 32. Qxb7 Rg7 33. Qa8 1-0

[Event "World Rapid Team 2023"]
[Site "Dusseldorf GER"]
[Date "2023.08.28"]
[Round "11.1"]
[Board "1"]
[White "Anand, Viswanathan"]
[Black "Dominguez Perez, Leinier"]
[Result "1/2-1/2"]
[WhiteTitle "GM"]
[BlackTitle "GM"]
[WhiteElo "2754"]
[BlackElo "2739"]
[WhiteTeam "Freedom"]
[BlackTeam "Chess Pensioners"]
[WhiteFideId "5000017"]
[BlackFideId "3503240"]
[EventDate "2023.08.26"]

1. e4 e5 2. Nf3 Nc6 3. Bb5 Nf6 4. O-O Nxe4 5. Re1 Nd6 6. Nxe5 Be7 7. Bf1 Nxe5 8.
Rxe5 O-O 9. d4 Bf6 10. Re1 Re8 11. Bf4 Rxe1 12. Qxe1 Ne8 13. c3 d5 14. Nd2 g6
15. h3 Ng7 16. Nf3 c6 17. Bd3 Bf5 18. Bxf5 Nxf5 19. Be5 1/2-1/2

[Event "World Rapid Team 2023"]
[Site "Dusseldorf GER"]
[Date "2023.08.28"]
[Round "11.1"]
[Board "3"]
[White "Vidit, Santosh Gujrathi"]
[Black "Kramnik, Vladimir"]
[Result "1/2-1/2"]
[WhiteTitle "GM"]
[BlackTitle "GM"]
[WhiteElo "2723"]
[BlackElo "2753"]
[WhiteTeam "Freedom"]
[BlackTeam "Chess Pensioners"]
[WhiteFideId "5029465"]
[BlackFideId "4101588"]
[EventDate "2023.08.26"]

1. e4 c5 2. Nf3 e6 3. c3 Nf6 4. e5 Nd5 5. d4 cxd4 6. cxd4 d6 7. Bc4 Be7 8. O-O
O-O 9. Qe2 b6 10. Rd1 Nc6 11. h3 Bb7 12. Bd2 Rc8 13. Nc3 dxe5 14. dxe5 Nxc3 15.
Bxc3 Qc7 16. Rac1 Rfd8 17. Bd3 Rd5 18. Re1 Qd8 19. Be4 Rd7 20. a3 Rcc7 21. Qe3
h6 22. Qf4 Bf8 23. Qg4 Ne7 24. Bxb7 Rxb7 25. Bb4 Nf5 26. Bxf8 Kxf8 27. Qe4 Kg8
28. Rc4 Rbc7 29. Rec1 Rd1+ 30. Rxd1 Qxd1+ 31. Kh2 Rxc4 32. Qxc4 Qd7 33. b4 Ne7
34. b5 Qb7 35. a4 Qb8 36. Qe4 Qc7 37. Qa8+ Kh7 38. Qe4+ Kg8 39. Qa8+ Kh7 40.
Qe4+ g6 41. Qb4 Kg7 42. Qd6 Qb7 43. Nd4 Nf5 44. Nxf5+ gxf5 45. f3 Qc8 46. Qe7
Qc1 47. Qxa7 Qf4+ 48. Kh1 Qc1+ 49. Kh2 Qf4+ 50. Kh1 1/2-1/2

[Event "World Rapid Team 2023"]
[Site "Dusseldorf GER"]
[Date "2023.08.28"]
[Round "11.1"]
[Board "4"]
[White "Sadvakasov, Darmen"]
[Black "Rapport, Richard"]
[Result "1-0"]
[WhiteTitle "GM"]
[BlackTitle "GM"]
[WhiteElo "2629"]
[BlackElo "2752"]
[WhiteTeam "Chess Pensioners"]
[BlackTeam "Freedom"]
[WhiteFideId "13700464"]
[BlackFideId "738590"]
[EventDate "2023.08.26"]

1. e4 e6 2. d4 d5 3. Nc3 Bb4 4. e5 c5 5. a3 Bxc3+ 6. bxc3 Nc6 7. h4 Bd7 8. h5
Qa5 9. Bd2 O-O-O 10. Nf3 c4 11. h6 gxh6 12. g3 f6 13. Bh3 h5 14. O-O h4 15. Nxh4
fxe5 16. dxe5 Nxe5 17. Re1 Nc6 18. Bxe6 Nf6 19. Bg5 Ne4 20. Bxd8 Bxe6 21. Bxa5 1-0

[Event "World Rapid Team 2023"]
[Site "Dusseldorf GER"]
[Date "2023.08.28"]
[Round "11.1"]
[Board "5"]
[White "Shuvalova, Polina"]
[Black "Houska, Jovanka"]
[Result "1-0"]
[WhiteTitle "IM"]
[BlackTitle "IM"]
[WhiteElo "2496"]
[BlackElo "2340"]
[WhiteTeam "Freedom"]
[BlackTeam "Chess Pensioners"]
[WhiteFideId "24171760"]
[BlackFideId "405094"]
[EventDate "2023.08.26"]

1. e4 c6 2. d4 d5 3. exd5 cxd5 4. Bd3 Nc6 5. c3 Nf6 6. Bf4 Bg4 7. Qb3 Na5 8.
Qa4+ Bd7 9. Qc2 Qb6 10. Nd2 Rc8 11. a4 Nc6 12. Qb3 Qxb3 13. Nxb3 Nh5 14. Be3 e5
15. dxe5 Nxe5 16. Be2 Nf6 17. Bxa7 Nc4 18. Bxc4 dxc4 19. Nd2 Bc5 20. Bxc5 Rxc5
21. Ngf3 O-O 22. O-O Ra8 23. a5 Be6 24. Nd4 Bd5 25. a6 bxa6 26. f3 g6 27. Rfe1
Rb8 28. Ra2 Kf8 29. Re2 a5 30. Kf2 h5 31. Nf1 Bb7 32. Ne3 Nd5 33. Nxd5 Rxd5 34.
h4 Rc5 35. Re6 Bc8 36. Rd6 Bf5 37. Rc6 Bb1 38. Rxc5 Bxa2 39. Rb5 Rxb5 40. Nxb5
Bb1 41. Ke3 Ke7 42. Kd4 Bd3 43. Na3 Bf1 44. g3 Bg2 45. f4 Ke6 46. Nxc4 a4 47.
Ne3 Bf3 48. c4 Kd6 49. c5+ Kc6 50. Kc4 f6 51. Kb4 Be2 52. Nc4 Bf1 53. Nb6 Be2
54. Nxa4 Kd5 55. Nc3+ 1-0

[Event "World Rapid Team 2023"]
[Site "Dusseldorf GER"]
[Date "2023.08.28"]
[Round "11.2"]
[Board "1"]
[White "Jobava, Baadur"]
[Black "Harikrishna, Pentala"]
[Result "1/2-1/2"]
[WhiteTitle "GM"]
[BlackTitle "GM"]
[WhiteElo "2574"]
[BlackElo "2711"]
[WhiteTeam "Columbus Energy KingsOfChess Krakow"]
[BlackTeam "Team MGD1"]
[WhiteFideId "13601520"]
[BlackFideId "5007003"]
[EventDate "2023.08.26"]

1. e4 e5 2. Nf3 Nc6 3. Bc4 Bc5 4. c3 Nf6 5. d4 exd4 6. e5 d5 7. Be2 Ne4 8. cxd4
Bb4+ 9. Bd2 Nxd2 10. Nbxd2 O-O 11. O-O f6 12. Nb3 fxe5 13. Nxe5 Qg5 14. g3 Nxe5
15. f4 Nf3+ 16. Bxf3 Qd8 17. Nc1 c6 18. Nd3 Bd6 19. Qd2 Qb6 20. Ne5 Bxe5 21.
fxe5 Be6 22. Qc3 a5 23. a3 Rf7 24. Bh5 Rxf1+ 25. Rxf1 Rf8 26. Rxf8+ Kxf8 27. Kf2
Ke7 28. b4 axb4 29. Qxb4+ Qxb4 30. axb4 g5 31. Kf3 Bf5 32. Bg4 Be4+ 33. Ke3 b5
34. Be2 h6 35. Bd3 Bg2 36. g4 Kd7 37. Kf2 Bh1 38. Bf5+ Kc7 39. Bg6 Kd7 40. Kg3
Kd8 41. Kf2 Kd7 1/2-1/2

[Event "World Rapid Team 2023"]
[Site "Dusseldorf GER"]
[Date "2023.08.28"]
[Round "11.2"]
[Board "2"]
[White "Nihal, Sarin"]
[Black "Teclaf, Pawel"]
[Result "1-0"]
[WhiteTitle "GM"]
[BlackTitle "IM"]
[WhiteElo "2684"]
[BlackElo "2586"]
[WhiteTeam "Team MGD1"]
[BlackTeam "Columbus Energy KingsOfChess Krakow"]
[WhiteFideId "25092340"]
[BlackFideId "1185934"]
[EventDate "2023.08.26"]

1. d4 e6 2. Nf3 c5 3. c3 Nf6 4. Bf4 b6 5. e3 Be7 6. Nbd2 d5 7. Ne5 O-O 8. Bd3
Bb7 9. Qf3 Nbd7 10. Rd1 Qc8 11. Qh3 g6 12. Ndf3 Nxe5 13. dxe5 Ne4 14. Bxe4 dxe4
15. Ng5 Bxg5 16. Bxg5 f5 17. exf6 Rf7 18. Qg3 Ba6 19. h4 Rd7 20. h5 Rxd1+ 21.
Kxd1 Qd7+ 22. Kc1 Bd3 23. hxg6 Qa4 24. f7+ 1-0

[Event "World Rapid Team 2023"]
[Site "Dusseldorf GER"]
[Date "2023.08.28"]
[Round "11.2"]
[Board "4"]
[White "Sadhwani, Raunak"]
[Black "Jakubiec, Artur"]
[Result "1-0"]
[WhiteTitle "GM"]
[BlackTitle "GM"]
[WhiteElo "2624"]
[BlackElo "2442"]
[WhiteTeam "Team MGD1"]
[BlackTeam "Columbus Energy KingsOfChess Krakow"]
[WhiteFideId "35093487"]
[BlackFideId "1103261"]
[EventDate "2023.08.26"]

1. d4 Nf6 2. c4 g6 3. Nc3 Bg7 4. e4 O-O 5. Nf3 d6 6. Be2 e5 7. O-O Nc6 8. d5 Ne7
9. Ne1 Nd7 10. Nd3 f5 11. f3 Nf6 12. b4 f4 13. c5 g5 14. a4 h5 15. a5 Rf7 16.
Nf2 Bf8 17. Kh1 Rg7 18. g3 Ng6 19. c6 g4 20. cxb7 Bxb7 21. fxg4 h4 22. gxf4 exf4
23. Nd3 Nd7 24. Bxf4 Be7 25. Nb5 Bf6 26. Rc1 Ndf8 27. Bh6 Rh7 28. Qd2 Rxh6 29.
Qxh6 Bg5 30. Qh5 Bxc1 31. Nxc1 c6 32. dxc6 Bxc6 33. Nxd6 1-0

[Event "World Rapid Team 2023"]
[Site "Dusseldorf GER"]
[Date "2023.08.28"]
[Round "11.2"]
[Board "5"]
[White "Kulon, Klaudia"]
[Black "Dronavalli, Harika"]
[Result "1/2-1/2"]
[WhiteTitle "IM"]
[BlackTitle "GM"]
[WhiteElo "2320"]
[BlackElo "2500"]
[WhiteTeam "Columbus Energy KingsOfChess Krakow"]
[BlackTeam "Team MGD1"]
[WhiteFideId "1131044"]
[BlackFideId "5015197"]
[EventDate "2023.08.26"]

1. c4 e6 2. g3 d5 3. Bg2 Nf6 4. Nf3 Be7 5. O-O O-O 6. d4 dxc4 7. Qc2 a6 8. Qxc4
b5 9. Qc2 Bb7 10. Bd2 Bd6 11. Re1 Be4 12. Qc1 Bb7 13. Qc2 Be4 14. Qc1 Bb7 15. h3
Nbd7 16. Ba5 Ra7 17. Nbd2 Ne4 18. Nxe4 Bxe4 19. Nd2 Bxg2 20. Kxg2 Qa8+ 21. f3 e5
22. Ne4 exd4 23. Nxd6 cxd6 24. Qf4 Ne5 25. Bb6 Re7 26. Bxd4 Rfe8 27. Rad1 Qc6
28. b3 Qc2 29. Rd2 Qg6 30. e4 h5 31. h4 Re6 32. Qg5 Qh7 33. Bb2 Rg6 34. Qe3 Rf6
35. f4 Ng4 36. Qf3 Rfe6 37. f5 R6e7 38. Rxd6 a5 39. Qf4 f6 40. Rd5 Qh6 41. Qxh6
gxh6 42. Kf3 Nh2+ 43. Kf4 Rg7 44. Ke3 Rxg3+ 45. Kf2 Rg7 46. Rxb5 Ng4+ 47. Kf3
Nh2+ 48. Ke3 Rg3+ 49. Kf2 Rd3 50. e5 Ng4+ 51. Ke2 Re3+ 52. Kf1 Nh2+ 53. Kf2 Ng4+
54. Kf1 Nh2+ 55. Kf2 Ng4+ 1/2-1/2

[Event "World Rapid Team 2023"]
[Site "Dusseldorf GER"]
[Date "2023.08.28"]
[Round "11.2"]
[Board "6"]
[White "Peter Anand, A"]
[Black "Przedlacki, Wiktor"]
[Result "1-0"]
[WhiteElo "1949"]
[BlackElo "1702"]
[WhiteTeam "Team MGD1"]
[BlackTeam "Columbus Energy KingsOfChess Krakow"]
[WhiteFideId "25003801"]
[BlackFideId "21099529"]
[EventDate "2023.08.26"]

1. d4 Nf6 2. c3 d5 3. Nf3 e6 4. Bg5 Be7 5. e3 O-O 6. Nbd2 Nbd7 7. Bd3 c5 8. Rc1
b6 9. O-O a5 10. b3 Ba6 11. Bxa6 Rxa6 12. c4 a4 13. bxa4 Qa8 14. Ne5 Bd6 15.
cxd5 exd5 16. Nxd7 Nxd7 17. Nb1 Rxa4 18. dxc5 Bxc5 19. Nc3 Ra7 20. Rc2 Ne5 21.
Qxd5 Qxd5 22. Nxd5 Rfa8 23. Ra1 Nc6 24. Nxb6 Bxb6 25. Rxc6 f6 26. Rxb6 fxg5 27.
Rb2 Kf7 28. h3 h6 29. g3 Ra3 30. Kg2 Kf6 31. Rc1 Rxa2 32. Rc6+ Ke5 33. Rb5+ Ke4
34. Rd6 R8a4 35. g4 Rc2 36. Rd7 Rc6 37. Kg3 g6 38. f3+ Kxe3 39. Re5+ 1-0

[Event "World Rapid Team 2023"]
[Site "Dusseldorf GER"]
[Date "2023.08.28"]
[Round "11.3"]
[Board "1"]
[White "Sargissian, Gabriel"]
[Black "Eljanov, Pavel"]
[Result "1/2-1/2"]
[WhiteTitle "GM"]
[BlackTitle "GM"]
[WhiteElo "2692"]
[BlackElo "2695"]
[WhiteTeam "Armenia"]
[BlackTeam "Ashdod Elit Chess Club"]
[WhiteFideId "13300881"]
[BlackFideId "14102951"]
[EventDate "2023.08.26"]

1. d4 d5 2. c4 c6 3. Nf3 Nf6 4. Qb3 e6 5. Bg5 Nbd7 6. e3 h6 7. Bh4 g5 8. Bg3 Ne4
9. Nc3 Nxg3 10. hxg3 Bg7 11. O-O-O O-O 12. Kb1 a5 13. Qc2 Qe7 14. cxd5 exd5 15.
Bd3 Re8 16. e4 dxe4 17. Nxe4 Nf6 18. Rhe1 Nxe4 19. Bxe4 Be6 20. Bh7+ Kf8 21. Bf5
Qf6 22. Qc5+ Kg8 23. Bxe6 Rxe6 24. Rxe6 Qxe6 25. Re1 Qg6+ 26. Qc2 Qxc2+ 27. Kxc2
Kf8 28. Ne5 Rd8 29. Kc3 f6 30. Nc4 f5 31. Rd1 c5 32. Nxa5 Rxd4 33. Rxd4 Bxd4+
34. Kc2 Bxf2 35. Nxb7 Ke7 36. a4 Kd7 37. a5 Kc7 38. a6 g4 39. Nd6 Kb6 40. Nxf5
h5 41. Kd3 Kxa6 42. Ke2 Bg1 43. Kf1 Bh2 44. Kf2 Kb5 45. Ng7 h4 46. gxh4 Be5 47.
Nf5 Bxb2 48. Ke2 Kc6 49. Ne3 Bf6 50. h5 g3 51. Kd3 Kd6 52. Ke4 Ke6 53. Nc4 Bd4
54. Nd2 Kf6 55. Kd5 Kg5 56. Nf3+ Kxh5 57. Nxd4 cxd4 58. Kxd4 Kg5 59. Ke4 Kg4 60.
Ke3 Kg5 61. Kf3 Kf5 62. Kxg3 Kg5 1/2-1/2

[Event "World Rapid Team 2023"]
[Site "Dusseldorf GER"]
[Date "2023.08.28"]
[Round "11.3"]
[Board "2"]
[White "Volokitin, Andrei"]
[Black "Martirosyan, Haik M."]
[Result "1/2-1/2"]
[WhiteTitle "GM"]
[BlackTitle "GM"]
[WhiteElo "2661"]
[BlackElo "2683"]
[WhiteTeam "Ashdod Elit Chess Club"]
[BlackTeam "Armenia"]
[WhiteFideId "14107090"]
[BlackFideId "13306553"]
[EventDate "2023.08.26"]

1. e4 e5 2. Nf3 Nc6 3. Bc4 Bc5 4. O-O d6 5. c3 Nf6 6. d3 h6 7. Re1 O-O 8. Nbd2
a5 9. h3 Be6 10. Bb5 Nd7 11. Nf1 d5 12. exd5 Bxd5 13. Ne3 Bxe3 14. Rxe3 Re8 15.
b3 f6 16. d4 Bxf3 17. Qxf3 exd4 18. cxd4 Nb6 19. Bxc6 bxc6 20. Qxc6 a4 21. Rxe8+
Qxe8 22. Qxc7 Qe6 23. bxa4 Rc8 24. Qg3 Qe1+ 25. Kh2 Rxc1 26. Qb3+ Kh7 27. Rxc1
Qxc1 28. Qxb6 Qf4+ 29. Kg1 Qc1+ 30. Kh2 Qf4+ 1/2-1/2

[Event "World Rapid Team 2023"]
[Site "Dusseldorf GER"]
[Date "2023.08.28"]
[Round "11.3"]
[Board "3"]
[White "Sargsyan, Shant"]
[Black "Smirin, Ilia"]
[Result "1-0"]
[WhiteTitle "GM"]
[BlackTitle "GM"]
[WhiteElo "2639"]
[BlackElo "2574"]
[WhiteTeam "Armenia"]
[BlackTeam "Ashdod Elit Chess Club"]
[WhiteFideId "13306766"]
[BlackFideId "2801990"]
[EventDate "2023.08.26"]

1. d4 Nf6 2. c4 c5 3. d5 b5 4. cxb5 a6 5. e3 g6 6. Nc3 Bg7 7. a4 O-O 8. Nf3 d6
9. bxa6 Qa5 10. Bd2 Nxa6 11. Bb5 Nb4 12. e4 Ba6 13. O-O Nd3 14. Qb1 c4 15. b3
Ng4 16. bxc4 Ndxf2 17. Nd1 Qb6 18. Nxf2 Bxa1 19. Qxa1 Bxb5 20. cxb5 Rfc8 21. Qd4
Qxd4 22. Nxd4 Nxf2 23. Kxf2 Rxa4 24. Nc6 Rc7 25. Kf3 Rb7 26. Rb1 f5 27. exf5
gxf5 28. b6 Ra3+ 29. Be3 Kg7 30. Nd8 Rb8 31. Ne6+ Kf6 32. Kf4 Ra2 33. Bd4+ Kg6
34. b7 Ra5 35. Nc7 Ra4 36. Ke3 Ra3+ 37. Kf2 Ra2+ 38. Kg1 Ra4 39. Bf2 f4 40. Ne6
Kf7 41. Nd4 Rxb7 42. Rxb7 Ra1+ 43. Be1 Rxe1+ 44. Kf2 Re5 45. Nc6 Re3 46. g3 Kf6
47. gxf4 Rh3 48. Rxe7 Kf5 49. Re3 Rxh2+ 50. Kg3 Rd2 51. Ne7+ Kf6 52. Re6+ Kf7
53. f5 Rd4 54. Nc8 1-0

[Event "World Rapid Team 2023"]
[Site "Dusseldorf GER"]
[Date "2023.08.28"]
[Round "11.3"]
[Board "4"]
[White "Galperin, Platon"]
[Black "Gharibyan, Mamikon"]
[Result "0-1"]
[WhiteTitle "GM"]
[BlackTitle "IM"]
[WhiteElo "2566"]
[BlackElo "2494"]
[WhiteTeam "Ashdod Elit Chess Club"]
[BlackTeam "Armenia"]
[WhiteFideId "14165414"]
[BlackFideId "13308300"]
[EventDate "2023.08.26"]

1. e4 e5 2. f4 d5 3. exd5 exf4 4. Nf3 Nf6 5. Bb5+ c6 6. dxc6 bxc6 7. Bc4 Bd6 8.
O-O O-O 9. d4 Bg4 10. Qd3 Nbd7 11. Nc3 Rb8 12. Nh4 Nd5 13. Bxd5 Qxh4 14. Bf3 Be6
15. Qd1 Nf6 16. Qe1 Qxe1 17. Rxe1 c5 18. h4 h6 19. dxc5 Bxc5+ 20. Kh1 Bf2 21.
Rf1 Bxh4 22. Bxf4 Rxb2 23. Bd1 Rc8 24. Bd2 Bg5 25. Be1 Be3 26. a4 Bd4 27. Ra3
Bc5 28. Ra1 Ng4 29. Bxg4 Bxg4 30. Bf2 Bxf2 31. Nd5 Rcxc2 32. Ra3 Bc5 33. Rg3 h5
34. a5 f5 35. a6 h4 36. Rxg4 fxg4 37. Rf5 Rc1+ 38. Kh2 Bg1+ 39. Kh1 Bf2+ 40. Kh2
Bg3# 0-1